000 00842nam a2200301Ia 4500
001 7809
005 20240113234036.0
007 ta
008 050713s1996 a g b000 u eng u
020 _a81-7328-074-6
_cRs. 165.00
040 _aCotton College,Assam
041 _aeng
082 _a330.954
_bAg 11 In
100 _aAgrawal, A.N..
245 0 _aIndian Economy: Problems of Development and Planning /
_cA.N. Agrawal.
_hTextual Documents
250 _a22nd ed. /
260 _aNew Delhi :
_bWishwa Prakashan ,
_c1996.
300 _axv, 735p. :
_bill ;
_c23cm .
365 _aRs. 165.00
504 _aBib.
653 _aEconomics-India
653 _aIndia-Economics
653 _aPG-Economics
653 _aEconomic Development-India
942 _2ddc
_cBK
999 _c7796
_d7796